[Event "BL2 Ost 1819 (Women)"]
[Site "Germany"]
[Date "2018.11.18"]
[Round "4.3"]
[White "Daemering, Katrin"]
[Black "Petri, Birgit"]
[Result "1-0"]
[WhiteElo "2026"]
[BlackElo "1995"]
[PlyCount "73"]
[EventDate "2018.10.27"]
[EventType "team-tourn"]
[EventRounds "7"]
[EventCountry "GER"]
[SourceTitle "CBM 190 Extra"]
[Source "ChessBase"]
[SourceDate "2019.07.15"]
[SourceVersion "1"]
[SourceVersionDate "2019.07.15"]
[SourceQuality "1"]
[WhiteTeam "Leipzig Blauweiss Allianz (W)"]
[BlackTeam "Leipzig SG (W)"]
[WhiteTeamCountry "GER"]
[BlackTeamCountry "GER"]

1. e4 c5 2. Nf3 e6 3. d4 cxd4 4. Nxd4 Nc6 5. Nc3 Qc7 6. Be3 a6 7. Be2 b5 8. a3 Bb7 9. 0-0 d6 10. f4 Nf6 11. Nb3 Be7 12. Bf3 0-0 13. Qe1 Rad8 14. Qf2 Nd7 15. Rad1 Na5 16. Nxa5 Qxa5 17. e5 d5 18. Ne2 Rc8 19. Nd4 Qc7 20. c3 Nc5 21. Qg3 Rfd8 22. f5 exf5 23. Nxf5 Bf8 24. Bg5 Rd7 25. Nh6+ Kh8 26. Bg4 Ne4 27. Qh4 gxh6 28. Be3 Bg7 29. Bxd7 Qxd7 30. Qxe4 Rd8 31. Qf5 Qc6 32. Bd4 Rd7 33. Qf4 Qe6 34. Rde1 Bc8 35. b4 Rb7 36. Rf3 Bd7 37. Qxf7 1-0

[Event "GER-ch (Women) rapid"]
[Site "Gladenbach"]
[Date "2013.09.28"]
[Round "4"]
[White "Carow, Annelen"]
[Black "Petri, Birgit"]
[Result "1-0"]
[WhiteElo "2028"]
[BlackElo "2054"]
[PlyCount "135"]
[EventDate "2013.09.28"]
[EventType "swiss (rapid)"]
[EventRounds "9"]
[EventCountry "GER"]
[SourceTitle "CBM 156 Extra"]
[Source "ChessBase"]
[SourceDate "2013.10.22"]
[SourceVersion "1"]
[SourceVersionDate "2013.10.22"]
[SourceQuality "1"]

1. d4 d5 2. c4 e6 3. Nc3 c6 4. cxd5 exd5 5. Nf3 Bf5 6. Bf4 Nd7 7. e3 Ngf6 8. Be2 Qb6 9. Qb3 Be7 10. 0-0 0-0 11. Rfc1 Rfe8 12. Na4 Qxb3 13. axb3 Ne4 14. h3 g5 15. Bh2 Ndf6 16. Ne5 Bb4 17. Nc3 a6 18. f3 Nd6 19. Kf2 Rad8 20. Nd3 Bxd3 21. Bxd3 Re6 22. Ra4 Bxc3 23. bxc3 Rde8 24. Bxd6 Rxd6 25. Ra2 Rde6 26. Re2 Kg7 27. Rh1 Rh8 28. h4 h6 29. Bf5 Re7 30. e4 dxe4 31. hxg5 e3+ 32. Rxe3 Rxe3 33. gxf6+ Kxf6 34. Kxe3 Kxf5 35. g4+ Kf6 36. f4 Re8+ 37. Kf3 Kg6 38. f5+ Kg7 39. Kf4 Re2 40. Rh3 f6 41. Rd3 Rf2+ 42. Kg3 Re2 43. Kf3 Re1 44. d5 cxd5 45. Rxd5 Re7 46. c4 Kf7 47. Rd8 Rc7 48. Ke4 Re7+ 49. Kd4 Kg7 50. Kc5 h5 51. gxh5 Re5+ 52. Rd5 Re3 53. Rd7+ Kh6 54. Rxb7 Kxh5 55. Kd6 Kg5 56. c5 Kxf5 57. c6 Rd3+ 58. Ke7 Rc3 59. c7 Ke5 60. Kd7 Rd3+ 61. Kc6 f5 62. c8Q Rc3+ 63. Kd7 Rxc8 64. Kxc8 f4 65. Rf7 Ke4 66. Kb7 a5 67. Kb6 Ke3 68. Kxa5 1-0

[Event "GER-ch (Women) rapid"]
[Site "Gladenbach"]
[Date "2013.09.28"]
[Round "1"]
[White "Melamed, Tatiana"]
[Black "Petri, Birgit"]
[Result "1/2-1/2"]
[WhiteElo "2360"]
[BlackElo "2054"]
[PlyCount "72"]
[EventDate "2013.09.28"]
[EventType "swiss (rapid)"]
[EventRounds "9"]
[EventCountry "GER"]
[SourceTitle "CBM 156 Extra"]
[Source "ChessBase"]
[SourceDate "2013.10.22"]
[SourceVersion "1"]
[SourceVersionDate "2013.10.22"]
[SourceQuality "1"]

1. e4 c5 2. Nf3 e6 3. c3 Nf6 4. e5 Nd5 5. d4 cxd4 6. cxd4 b6 7. Nc3 Nxc3 8. bxc3 Qc7 9. Bd2 d6 10. Bd3 Nd7 11. 0-0 h6 12. Re1 Bb7 13. Bf4 Be7 14. Rc1 0-0 15. Bb1 Rfd8 16. Qd3 Nf8 17. c4 Rac8 18. d5 dxe5 19. Bxe5 Qc5 20. Bd4 Qa3 21. Rc3 Qa5 22. Nd2 Bb4 23. Qg3 Ng6 24. Bxg6 fxg6 25. Qe5 Bf8 26. Qxe6+ Kh7 27. Qf7 Bxd5 28. cxd5 Rxc3 29. Bxc3 Qxc3 30. Nf3 Bc5 31. h4 Rf8 32. Qe6 Rf6 33. Qe4 Qb2 34. Re2 Qc1+ 35. Re1 Qb2 36. Re2 Qc1+ 1/2-1/2

[Event "BL2 Ost 1112 (Women)"]
[Site "Germany"]
[Date "2011.10.30"]
[Round "2.3"]
[White "Pfau, Beate"]
[Black "Petri, Birgit"]
[Result "1-0"]
[WhiteElo "2084"]
[BlackElo "2049"]
[PlyCount "115"]
[EventDate "2011.10.29"]
[EventType "team-tourn"]
[EventRounds "7"]
[EventCountry "GER"]
[SourceTitle "EXT 2013"]
[Source "ChessBase"]
[SourceDate "2012.11.22"]
[SourceVersion "1"]
[SourceVersionDate "2012.11.22"]
[SourceQuality "1"]
[WhiteTeam "Torgelow (W)"]
[BlackTeam "Leipzig SG (W)"]
[WhiteTeamCountry "GER"]
[BlackTeamCountry "GER"]

1. c4 c6 2. Nf3 d5 3. e3 Nf6 4. Nc3 e6 5. d4 Bd6 6. c5 Bc7 7. b4 Nbd7 8. Bb2 e5 9. dxe5 Nxe5 10. Be2 Qe7 11. Rc1 0-0 12. h3 a5 13. a3 axb4 14. axb4 Nxf3+ 15. Bxf3 Rd8 16. Ne2 Ne4 17. Bxe4 dxe4 18. Bd4 Qg5 19. h4 Qg4 20. Ng3 Bxg3 21. Qxg4 Bxg4 22. fxg3 Ra2 23. 0-0 Ra4 24. Rf4 f5 25. Rb1 g6 26. Rf2 Kf7 27. b5 Ke6 28. bxc6 bxc6 29. Rb6 Rdxd4 30. exd4 Kd5 31. Rc2 Rxd4 32. Rb8 e3 33. Rd8+ Ke4 34. Rxd4+ Kxd4 35. Kf1 Kd3 36. Ra2 Bd1 37. Ke1 Bb3 38. Ra6 Bd5 39. Ra3+ Kd4 40. Ke2 Bc4+ 41. Ke1 h6 42. Ra5 g5 43. Ra8 Kxc5 44. Rh8 gxh4 45. gxh4 Bd5 46. g3 Kd4 47. Rxh6 Ke4 48. Rf6 c5 49. h5 c4 50. Rf8 c3 51. h6 c2 52. Rc8 Bg8 53. Rxc2 Kf3 54. Rc8 Bh7 55. Rc7 Kxg3 56. Rxh7 f4 57. Rf7 f3 58. Rxf3+ 1-0

[Event "GER-chT Federal Cup (Women)"]
[Site "Germany"]
[Date "2011.06.17"]
[Round "3.3"]
[White "Petri, Birgit"]
[Black "Juszczak, Anna"]
[Result "1-0"]
[WhiteElo "2057"]
[BlackElo "2025"]
[PlyCount "73"]
[EventDate "2011.06.16"]
[EventType "team-swiss"]
[EventRounds "5"]
[EventCountry "GER"]
[SourceTitle "EXT 2012"]
[Source "ChessBase"]
[SourceDate "2011.11.24"]
[SourceVersion "1"]
[SourceVersionDate "2011.11.24"]
[SourceQuality "1"]
[WhiteTeam "Hessen"]
[BlackTeam "Baden"]
[WhiteTeamCountry "GER"]
[BlackTeamCountry "GER"]

1. e4 e6 2. d4 d5 3. Nd2 Nf6 4. e5 Nfd7 5. f4 c5 6. c3 Nc6 7. Ndf3 cxd4 8. cxd4 Qb6 9. a3 Be7 10. b4 0-0 11. Bd3 f6 12. Bb2 fxe5 13. fxe5 h6 14. Bb1 Rf4 15. Ne2 Rf7 16. Bg6 Rf8 17. Qd3 a5 18. b5 Nd8 19. Bc1 Nf7 20. Bh7+ Kh8 21. Nf4 Rd8 22. Bg6 Ng5 23. Nxg5 Bxg5 24. Nxd5 Nxe5 25. Nxb6 Nxd3+ 26. Bxd3 Rb8 27. Bxg5 hxg5 28. 0-0 Bd7 29. Rf7 Bc8 30. Bg6 Kg8 31. Rc1 e5 32. d5 Rd6 33. Nxc8 Rxg6 34. Re7 Kf8 35. Rxe5 Kf7 36. d6 Rh6 37. d7 1-0

[Event "Hessenliga 0809"]
[Site "Germany"]
[Date "2008.11.09"]
[Round "4.8"]
[White "Petri, Birgit"]
[Black "Hoegy, Kevin"]
[Result "0-1"]
[WhiteElo "2103"]
[BlackElo "2067"]
[PlyCount "98"]
[EventDate "2008.09.14"]
[EventType "team-tourn"]
[EventRounds "9"]
[EventCountry "GER"]
[SourceTitle "EXT 2011"]
[Source "ChessBase"]
[SourceDate "2010.11.26"]
[SourceVersion "1"]
[SourceVersionDate "2010.11.26"]
[SourceQuality "1"]
[WhiteTeam "Bensheim"]
[BlackTeam "Neuberg"]
[WhiteTeamCountry "GER"]
[BlackTeamCountry "GER"]

1. e4 g6 2. d4 Bg7 3. c3 c6 4. f4 d5 5. Nd2 dxe4 6. Nxe4 Nf6 7. Nxf6+ Bxf6 8. Bc4 0-0 9. Nf3 c5 10. Be3 Qb6 11. Qc1 cxd4 12. Nxd4 Qc7 13. Bd5 Nd7 14. 0-0 Nb6 15. Bf3 Nc4 16. Bf2 e5 17. fxe5 Bxe5 18. g3 Bd7 19. Re1 Bg7 20. Bd5 Rae8 21. Qc2 Bh6 22. Bh1 Ne3 23. Qd3 Ng4 24. Qf3 Nxf2 25. Kxf2 b6 26. Rad1 Rxe1 27. Rxe1 Bg7 28. Qd5 Be6 29. Qc6 Qd8 30. Rd1 Bxa2 31. Bf3 Qg5 32. Qa4 Be6 33. h4 Qe7 34. Nc6 Qc5+ 35. Kg2 a5 36. Qf4 Kh8 37. g4 Qb5 38. Rd2 a4 39. h5 g5 40. Qe3 Bxg4 41. Bxg4 Qxc6+ 42. Bf3 Qc5 43. Qe4 f5 44. Qe6 g4 45. Bb7 Qe5 46. Qxb6 f4 47. h6 f3+ 48. Bxf3 gxf3+ 49. Kh3 Qh5+ 0-1

[Event "Hessenliga 0506"]
[Site "Germany"]
[Date "2005.09.25"]
[Round "2.7"]
[White "Petri, Birgit"]
[Black "Panic, Milislav"]
[Result "0-1"]
[WhiteElo "2110"]
[BlackElo "2169"]
[PlyCount "78"]
[EventDate "2005.09.11"]
[EventType "team"]
[EventRounds "11"]
[EventCountry "GER"]
[SourceTitle "EXT 2007"]
[Source "ChessBase"]
[SourceDate "2006.11.23"]
[SourceVersion "1"]
[SourceVersionDate "2006.11.23"]
[SourceQuality "1"]
[WhiteTeam "Bensheim"]
[BlackTeam "Oberursel II"]
[WhiteTeamCountry "GER"]
[BlackTeamCountry "GER"]

1. e4 e6 2. d4 d5 3. Nd2 Nf6 4. e5 Nfd7 5. f4 c5 6. c3 Nc6 7. Ndf3 Qb6 8. a3 Be7 9. b4 cxd4 10. cxd4 f6 11. Bd3 fxe5 12. fxe5 Nf8 13. Be3 Bd7 14. Ne2 Nd8 15. 0-0 Bb5 16. Nc3 Bxd3 17. Qxd3 Ng6 18. Na4 Qc6 19. b5 Qd7 20. Ng5 Bxg5 21. Bxg5 b6 22. Rac1 Nf7 23. Bd2 0-0 24. Rc6 Rfc8 25. Qf3 Rxc6 26. bxc6 Qe8 27. Nc3 Rc8 28. Nb5 Rxc6 29. Qb3 Qd7 30. Qa4 a5 31. Qb3 Rc4 32. a4 Ne7 33. Rxf7 Kxf7 34. Nd6+ Kg8 35. Qxb6 Nc8 36. Qb8 Rc2 37. Bxa5 Qxa4 38. h3 Qxd4+ 39. Kf1 Qf2# 0-1

[Event "GER-chT Federal Cup (Women)"]
[Site "Naumburg"]
[Date "2003.04.05"]
[Round "4"]
[White "Schmuck, Katrin"]
[Black "Petri, Birgit"]
[Result "0-1"]
[WhiteElo "1793"]
[BlackElo "2108"]
[PlyCount "86"]
[EventDate "2003.04.??"]
[EventType "team-swiss"]
[EventRounds "5"]
[EventCountry "GER"]
[SourceTitle "EXT 2004"]
[Source "ChessBase"]
[SourceDate "2003.11.25"]
[SourceVersion "1"]
[SourceVersionDate "2003.11.25"]
[SourceQuality "1"]

1. e4 c5 2. Nc3 Nc6 3. g3 g6 4. Bg2 Bg7 5. d3 e6 6. Be3 Qa5 7. Nge2 Nge7 8. 0-0 0-0 9. f4 d6 10. g4 f5 11. gxf5 exf5 12. Bd2 Qd8 13. Ng3 Rb8 14. a4 a6 15. Kh1 b5 16. axb5 axb5 17. exf5 Bxf5 18. Nxf5 gxf5 19. Bc1 Nd4 20. Nd5 b4 21. c3 bxc3 22. bxc3 Nb5 23. Bd2 Kh8 24. Rc1 Nxd5 25. Bxd5 Nc7 26. Bg2 d5 27. Qh5 Rb2 28. Be3 d4 29. cxd4 Nd5 30. Bg1 cxd4 31. Rf3 Qd7 32. Rc5 Ne3 33. Rh3 h6 34. Rg3 Rxg2 35. Rxg2 Nxg2 36. Kxg2 Kh7 37. Qf3 Rf6 38. Qd5 Rg6+ 39. Kf1 Qa4 40. Rc1 Qa3 41. Qc4 Rg4 42. Qc7 Qxd3+ 43. Kf2 Qe3+ 0-1

[Event "Hessenliga 0203"]
[Site "Germany"]
[Date "2002.11.10"]
[Round "3.6"]
[White "Petri, Birgit"]
[Black "Rueger, Erhard"]
[Result "0-1"]
[WhiteElo "2108"]
[BlackElo "2174"]
[PlyCount "92"]
[EventDate "2002.10.??"]
[EventType "team"]
[EventRounds "9"]
[EventCountry "GER"]
[SourceTitle "EXT 2004"]
[Source "ChessBase"]
[SourceDate "2003.11.25"]
[SourceVersion "1"]
[SourceVersionDate "2003.11.25"]
[SourceQuality "1"]
[WhiteTeam "Bensheim"]
[BlackTeam "Frankfurt BvK"]
[WhiteTeamCountry "GER"]
[BlackTeamCountry "GER"]

1. e4 c5 2. Nf3 e6 3. d4 cxd4 4. Nxd4 a6 5. Bd3 Bc5 6. Nb3 Be7 7. 0-0 d6 8. c4 Nf6 9. Nc3 0-0 10. Qe2 Nbd7 11. Bf4 Qc7 12. Bg3 b6 13. f4 Bb7 14. Kh1 g6 15. f5 exf5 16. exf5 Ne5 17. fxg6 hxg6 18. Rad1 Nh5 19. Bxe5 dxe5 20. Be4 Nf4 21. Qe3 Bxe4 22. Qxe4 Rac8 23. Rxf4 exf4 24. Nd5 Rcd8 25. Rc1 Rxd5 26. cxd5 Qd7 27. Rd1 Bd6 28. Re1 Rc8 29. Nd4 Qa4 30. a3 Qc4 31. Nc6 Qxe4 32. Rxe4 Kg7 33. Kg1 Kf6 34. Kf1 g5 35. b4 g4 36. Ke2 Kf5 37. Rd4 Re8+ 38. Kd2 Re3 39. Rd3 Ke4 40. Rxe3+ fxe3+ 41. Ke2 Kxd5 42. Nd8 f5 43. Kxe3 Bxh2 44. Nf7 f4+ 45. Kd3 f3 46. gxf3 g3 0-1